000 00397pab a2200169 454500
008 180718b2012 xxu||||| |||| 00| 0 eng d
100 _aDani, Om Prakash
245 _aManaging organisational creativity
260 _c2012
300 _ap.305-307.
362 _aMar
650 _aManagement
700 _aSrinivasan, M.S.
773 _aManagement Accountant
908 _aN
909 _a96538
999 _c96538
_d96538